000 00888cam a22002653a 4500
001 2149
003 PGUSA
005 20140828083011.0
008 000401s2000||||xxu|||||s|||||000 1 eng d
040 _aPGUSA
_beng
042 _adc
050 4 _aPS
100 1 _aPoe, Edgar Allan,
_d1809-1849
245 1 4 _aThe Works of Edgar Allan Poe — Volume 3
_h[electronic resource] /
_cEdgar Allan Poe
260 _bProject Gutenberg,
_c2000
505 0 _aNarrative of A. Gordon Pym -- Ligeia -- Morella -- A tale of the Ragged Mountains -- The spectacles -- King Pest -- Three Sundays in a week.
506 _aPublic domain in the USA.
516 _aElectronic text
653 _aAmerican fiction -- 19th century
653 _aHorror tales, American
653 _aFantasy fiction
830 0 _aProject Gutenberg
_v2149
856 4 0 _uhttp://www.gutenberg.org/ebooks/2149
942 _cEB
999 _c231487
_d231487